00768nam a2200193Ia 4500003000900000008004100009020001800050040001600068080001500084111007000099245020500169260005000374300001600424650004100440650003200481650001800513650001600531700002700547IN-BaIIA211028s9999 xx 000 0 eng d a90-277-0753-7 cIIA Library a52-77bTHE aNATO Advanced Study institutecUrbino,Italyd1975 June 29-July 13 4aThe Physics of non-thermal radio sourcesbproceedings of the NATO Advanced Study Institute held in Urbino,Italy, June 29-July 13 1975cedited by Giancarlo Setti  aDordrecht-HollandbD. Reidel Publishingc1976 aviii, 287p. aAstronomy and Astrophysics thesaurus aExtragalactic radio sources aRadio sources aRadio Stars aSetti, Giancarlo., ed.